| 000 | 00371 a2200121 4500 | ||
|---|---|---|---|
| 001 | 64651 | ||
| 082 | _a629.13435 INA / PR 1416 | ||
| 090 |
_c38249 _d38249 |
||
| 100 | _aInam ul Haq Raja | ||
| 245 | _aStudy of aerodynamic aspects in airframe engine integration | ||
| 260 |
_aRisalpur _bAerospace Engg Dept, CAE NUST, Risalpur _c2000 |
||
| 500 | _aMS thesis | ||
| 942 |
_aNUST-CAE _k629.13435 INA / PR 1416 |
||
| 999 |
_c299724 _d299724 |
||